Solas : διεθνής σύμβαση για την ασφάλεια της ανθρώπινης ζωής στη θάλασσα - τροποποιήσεις 1992
Αποθηκεύτηκε σε:
| Άλλοι συγγραφείς: | |
|---|---|
| Μορφή: | Βιβλίο |
| Γλώσσα: | Greek |
| Δημοσίευση: |
Πειραιάς :
Σταυριδάκης,
[χ.χ.]
|
| Θέματα: | |
| Ετικέτες: |
Προσθήκη ετικέτας
Δεν υπάρχουν, Καταχωρήστε ετικέτα πρώτοι!
|
MARC
| LEADER | 00000nam a2200000 i 4500 | ||
|---|---|---|---|
| 001 | 1/50707 | ||
| 008 | 980218s gre d | ||
| 035 | |l 10027049 | ||
| 040 | |a GR-MY-UA |b gre |e aacr | ||
| 041 | 0 | |a gre | |
| 082 | 0 | |a 341.75665 | |
| 245 | 1 | 0 | |a Solas : |b διεθνής σύμβαση για την ασφάλεια της ανθρώπινης ζωής στη θάλασσα - τροποποιήσεις 1992 / |c επιμέλεια: Δ.Α. Δουμάνης |
| 260 | |a Πειραιάς : |b Σταυριδάκης, |c [χ.χ.] | ||
| 300 | |a 44 σ. | ||
| 650 | 0 | 0 | |a Ships |x Safety regulations. |
| 700 | 1 | |a Δουμάνης, Δαμιανός Α. |4 edt | |
| 852 | |a INST |b CHIOS |e 19980218 |h 341.75665 SOL |p 005200009915 |q 005200009915 |t BK |y 0 | ||
| 901 | |a BIBL-1997-3 | ||
| 909 | |a Χ |b 051984 | ||